00488nam a2200157Ia 450000500170000000800410001708200080005810000150006624500200008126000350010130000130013650000650014994200060021495200950022099900150031520241104013643.0240331s9999 xx 000 0 und d bFER aFernando,V 0aWomen writing 2 aColombobVoice of Womenc2002 a241 p ., aWomen Writing - 2 translated into English by Vijita Fernando cL 001040708LaWERCLbWERCLcSSCd2024-03-31l0o 823 FERp6550r2024-03-31w2024-03-31yL c4757d4757